Á lódáil...
Advertising
| Príomhúdar: | |
|---|---|
| Údair Eile: | , |
| Formáid: | Printed Book |
| Teanga: | Undetermined English |
| Foilsithe: |
New Delhi
Tata Mc Graw -Hill Publishing Company Limited
1990
|
| Eagrán: | 5 |
| Ábhair: |
| LEADER | 00692nam a2200229Ia 4500 | ||
|---|---|---|---|
| 008 | 140306s9999 xx 000 0 und d | ||
| 020 | |a 007099658x | ||
| 041 | |a eng | ||
| 082 | |a 659.1 |b WRI/AD | ||
| 100 | |a Winter, Willis L | ||
| 245 | |a Advertising | ||
| 250 | |a 5 | ||
| 260 | |a New Delhi |b Tata Mc Graw -Hill Publishing Company Limited |c 1990 | ||
| 300 | |a 545 | ||
| 365 | |b Rs. 180 | ||
| 650 | |a Marketing process | ||
| 650 | |a Sales promotion | ||
| 700 | |a Wright, John S | ||
| 700 | |a Zeigler, Sherilyn K | ||
| 942 | |2 ddc |c BK | ||
| 999 | |c 180235 |d 180235 | ||
| 952 | |0 0 |1 0 |2 ddc |4 0 |6 659_100000000000000_WRI_AD |7 0 |9 185614 |a KAUCBV |b KAUCBV |d 2004-06-02 |g 180.00 |o 659.1 WRI/AD |r 2014-03-22 |w 2014-03-22 |y BK | ||